Three centuries of microbiology

Guardat en:
Dades bibliogràfiques
Autors principals: Lechevalier, Hubert A (Autor), Solotorovsky, Morris (Autor)
Format: Llibre
Idioma:anglès
Publicat: Nueva York McGraw-Hill 1965
Matèries:
Etiquetes: Afegir etiqueta
Sense etiquetes, Sigues el primer a etiquetar aquest registre!

MARC

LEADER 00000nam a2200000 a 4500
001 UCX9292
003 CL-VaPUC
008 940530e19650000US |||||||||||||||||eng|d
082 0 4 |a 576.09  |b LEC  |2 21 
100 |a Lechevalier, Hubert A  |e author  |9 326671 
700 0 |a Solotorovsky, Morris  |e author  |9 326672 
245 1 0 |a Three centuries of microbiology 
300 |a 536 p 
942 |c BK 
945 |d 19940530 00:00:00  |a mfernand 
260 |a Nueva York  |b McGraw-Hill  |c 1965 
650 7 |a MICROBIOLOGIA HISTORIA  |2 CL-VaPUC  |9 326673 
583 |a last modification  |c 19940530 00:00:00  |k Rodrigo Vera 
999 |c 228576  |d 228574 
952 |0 0  |1 0  |4 0  |6 576_090000000000000_LEC_1965  |7 0  |8 A  |9 228823  |a BIBALI  |b BIBALI  |c GEN  |d 2019-11-15  |i 2978040  |o 576.09 LEC 1965  |p 2978040  |r 2025-01-20  |w 2019-11-15  |y BK  |k ALI